Ultima recalendarización del proceso de paz
Gespeichert in:
| Format: | Text |
|---|---|
| Schlagworte: | |
| Tags: |
Tag hinzufügen
Keine Tags, Fügen Sie den ersten Tag hinzu!
|
MARC
| LEADER | 00000 a a2200000 04500 | ||
|---|---|---|---|
| 001 | 5953 | ||
| 003 | |||
| 040 | |||
| 245 | |a Ultima recalendarización del proceso de paz | ||
| 650 | |a PARTIDOS POLITICOS | ||
| 650 | |a PLANES DE PAZ | ||
| 650 | |a ONU | ||
| 650 | |a MOVIMIENTOS SOCIALES | ||
| 650 | |a PROBLEMAS SOCIALES | ||
| 650 | |a ASPECTOS POLITICOS | ||
| 650 | |a ASPECTOS JURIDICOS | ||
| 650 | |a DEMOCRACIA | ||
| 650 | |a SOCIEDAD | ||
| 773 | |g volumen 15, número 660; páginas 7-9 | ||
| 999 | |c 39565 |d 39565 | ||
